Baby Names: Boys (1990s) Quiz Stats

 Plays Quiz Updated Nov 14, 2017

Challenge
Share
Tweet
Embed
Score 0/100 Timer 09:00
0 Plays Today
Rank Name % Correct
15John
92.4%
1Michael
89.9%
3Matthew
83.7%
13James
83.3%
18William
81%
12David
80.6%
2Christopher
77.8%
20Robert
77.8%
8Daniel
75.9%
7Andrew
75.8%
26Thomas
75.8%
48Mark
75.2%
37Jose
73.4%
64Paul
70.8%
10Joseph
70.3%
35Steven
69.3%
89Peter
69.2%
52Alex
68.6%
5Jacob
67.9%
36Brian
66.8%
100Jack
66.1%
14Ryan
65.2%
41Richard
64.2%
25Kevin
62.8%
49Stephen
62.8%
87Luke
62.6%
4Joshua
62%
6Nicholas
61.6%
30Benjamin
61.6%
33Samuel
61.3%
40Adam
61%
23Alexander
60%
21Jonathan
59.9%
38Timothy
59.7%
Rank Name % Correct
43Charles
58.4%
29Eric
57.7%
45Jason
57.4%
19Anthony
56.6%
39Nathan
56%
17Justin
55.4%
16Zachary
54.6%
24Kyle
54.3%
9Tyler
53.7%
44Sean
53.2%
31Aaron
52.5%
42Patrick
52.3%
86Edward
52.1%
11Brandon
50.8%
75Gregory
49.5%
62Bryan
47.1%
99Lucas
44.2%
79Scott
43.9%
28Jordan
43.7%
54Jeffrey
43.6%
88Shawn
43.4%
55Ethan
42.3%
80Bradley
42.1%
73Ian
41.5%
65Taylor
41.3%
63Evan
40.7%
47Jeremy
40%
32Christian
37.9%
83Marcus
37.5%
78Jesus
36.4%
51Juan
36%
74Nathaniel
35.9%
66Kenneth
35.2%
76Derek
35%
Rank Name % Correct
34Dylan
34.8%
93Victor
33.2%
22Austin
32.8%
67Connor
32.6%
97Isaac
32.2%
69Noah
31%
70Carlos
30.4%
50Jesse
30.2%
46Cameron
30.2%
27Cody
30%
77Corey
28.5%
58Jared
28.3%
56Caleb
27.8%
61Trevor
26.8%
90Seth
26.7%
91Mitchell
26.1%
53Travis
25.9%
59Logan
25.7%
95Shane
24.4%
60Hunter
24.3%
72Gabriel
24%
68Dustin
23.5%
84Blake
23.3%
94Miguel
22.4%
96Chase
22.4%
71Devin
22%
82Antonio
20.2%
85Garrett
19%
57Luis
18.3%
98Spencer
18%
92Adrian
17.6%
81Dakota
12.2%

You're not logged in!

Compare scores with friends on all Sporcle quizzes.
OR
Log In

You Might Also Like...

Show Comments

Extras

Top Quizzes Today


Score Distribution

Your Account Isn't Verified!

In order to create a playlist on Sporcle, you need to verify the email address you used during registration. Go to your Sporcle Settings to finish the process.

Report this User

Report this user for behavior that violates our Community Guidelines.

Details: